[Event "Reykjavik Open 2025"]
[Site "Reykjavik, Iceland"]
[Date "2025.04.15"]
[Round "9.42"]
[White "Migot, Tangi"]
[Black "Adams, Henry"]
[Result "1-0"]
[WhiteElo "2347"]
[WhiteTitle "IM"]
[WhiteFideId "662445"]
[BlackElo "2077"]
[BlackFideId "464562"]
[TimeControl "90+30 +30 after 40 moves"]
[Variant "Standard"]
[StudyName "Round 9"]
1. e4 { [%clk 1:30:56] } 1... e5 { [%clk 1:30:55] } 2. Nf3 { [%clk 1:31:19] } 2... Nc6 { [%clk 1:31:21] } 3. Bb5 { [%clk 1:31:41] } 3... a6 { [%clk 1:31:48] } 4. Ba4 { [%clk 1:32:05] } 4... Nf6 { [%clk 1:32:13] } 5. O-O { [%clk 1:32:27] } 5... Be7 { [%clk 1:32:41] } 6. Re1 { [%clk 1:32:48] } 6... b5 { [%clk 1:33:07] } 7. Bb3 { [%clk 1:33:10] } 7... O-O { [%clk 1:33:34] } 8. h3 { [%clk 1:33:01] } 8... d6 { [%clk 1:32:06] } 9. c3 { [%clk 1:33:05] } 9... Nb8 { [%clk 1:32:17] } 10. d4 { [%clk 1:32:56] } 10... Nbd7 { [%clk 1:32:42] } 11. c4 { [%clk 1:31:50] } 11... c6 { [%clk 1:31:56] } 12. Qc2 { [%clk 1:31:43] } 12... Bb7 { [%clk 1:22:21] } 13. a3 { [%clk 1:30:42] } 13... Re8 { [%clk 1:19:45] } 14. c5 { [%clk 1:09:23] } 14... exd4 { [%clk 1:11:08] } 15. Ng5 { [%clk 0:45:22] } 15... Rf8 { [%clk 0:57:21] } 16. cxd6 { [%clk 0:44:27] } 16... Bxd6 { [%clk 0:54:37] } 17. f4 { [%clk 0:44:51] } 17... c5 { [%clk 0:42:41] } 18. Nxf7 { [%clk 0:36:29] } 18... Rxf7 { [%clk 0:43:01] } 19. Bxf7+ { [%clk 0:36:52] } 19... Kxf7 { [%clk 0:43:28] } 20. e5 { [%clk 0:37:17] } 20... Bc7 { [%clk 0:41:07] } 21. exf6 { [%clk 0:35:58] } 21... Qxf6 { [%clk 0:39:20] } 22. Qxh7 { [%clk 0:35:01] } 22... c4 { [%clk 0:37:19] } 23. Nd2 { [%clk 0:34:12] } 23... Nf8 { [%clk 0:33:32] } 24. Qh5+ { [%clk 0:33:08] } 24... g6 { [%clk 0:32:47] } 25. Qg4 { [%clk 0:31:18] } 25... Bxf4 { [%clk 0:29:44] } 26. Ne4 { [%clk 0:26:59] } 26... Bxe4 { [%clk 0:29:41] } 27. Rxe4 { [%clk 0:26:45] } 27... Bd6 { [%clk 0:27:28] } 28. Bg5 { [%clk 0:22:57] } 28... Qg7 { [%clk 0:26:09] } 29. Rf1+ { [%clk 0:20:09] } 29... Kg8 { [%clk 0:26:34] } 30. Bf6 { [%clk 0:20:22] } 30... Qf7 { [%clk 0:26:22] } 31. Be5 { [%clk 0:19:52] } 31... Qc7 { [%clk 0:25:54] } 32. Rxf8+ { [%clk 0:17:54] } 1-0

[Event "Reykjavik Open 2025"]
[Site "Reykjavik, Iceland"]
[Date "2025.04.15"]
[Round "9.43"]
[White "Omarsson, Adam"]
[Black "Haug, Havard"]
[Result "0-1"]
[WhiteElo "2072"]
[WhiteFideId "2311453"]
[BlackElo "2339"]
[BlackTitle "FM"]
[BlackFideId "1547887"]
[TimeControl "90+30 +30 after 40 moves"]
[Variant "Standard"]
[StudyName "Round 9"]
1. d4 { [%clk 1:30:58] } 1... Nf6 { [%clk 1:30:56] } 2. c4 { [%clk 1:31:24] } 2... e6 { [%clk 1:31:22] } 3. Nc3 { [%clk 1:31:50] } 3... d5 { [%clk 1:31:48] } 4. cxd5 { [%clk 1:32:16] } 4... exd5 { [%clk 1:32:15] } 5. Bg5 { [%clk 1:32:34] } 5... Be7 { [%clk 1:32:41] } 6. e3 { [%clk 1:32:51] } 6... O-O { [%clk 1:33:03] } 7. Bd3 { [%clk 1:32:58] } 7... Re8 { [%clk 1:33:26] } 8. Qc2 { [%clk 1:32:04] } 8... h6 { [%clk 1:33:43] } 9. Bh4 { [%clk 1:32:02] } 9... c6 { [%clk 1:33:40] } 10. Nf3 { [%clk 1:29:15] } 10... Nbd7 { [%clk 1:32:57] } 11. O-O { [%clk 1:28:40] } 11... Ne4 { [%clk 1:28:51] } 12. Bxe7 { [%clk 1:27:42] } 12... Qxe7 { [%clk 1:29:18] } 13. a3 { [%clk 1:18:44] } 13... Ndf6 { [%clk 1:20:26] } 14. b4 { [%clk 1:13:58] } 14... Bf5 { [%clk 1:18:26] } 15. Na4 { [%clk 1:04:02] } 15... Nd7 { [%clk 1:14:49] } 16. Nd2 { [%clk 0:55:17] } 16... Nxd2 { [%clk 1:13:12] } 17. Qxd2 { [%clk 0:55:42] } 17... Bxd3 { [%clk 1:12:40] } 18. Qxd3 { [%clk 0:56:06] } 18... b5 { [%clk 1:11:54] } 19. Nb2 { [%clk 0:55:55] } 19... Nb6 { [%clk 1:12:04] } 20. Qc3 { [%clk 0:37:33] } 20... Nc4 { [%clk 1:10:03] } 21. a4 { [%clk 0:36:51] } 21... a5 { [%clk 1:09:13] } 22. bxa5 { [%clk 0:32:36] } 22... b4 { [%clk 1:09:23] } 23. Qc2 { [%clk 0:32:52] } 23... Nxa5 { [%clk 1:09:11] } 24. Rfb1 { [%clk 0:32:17] } 24... Reb8 { [%clk 1:08:01] } 25. Nd3 { [%clk 0:32:24] } 25... Rb6 { [%clk 1:06:32] } 26. Nc5 { [%clk 0:28:23] } 26... Qa7 { [%clk 1:03:14] } 27. h3 { [%clk 0:23:49] } 27... Rab8 { [%clk 1:00:20] } 28. Qf5 { [%clk 0:22:40] } 28... Rd8 { [%clk 0:47:41] } 29. Ra2 { [%clk 0:18:19] } 29... b3 { [%clk 0:42:42] } 30. Rab2 { [%clk 0:16:47] } 30... Rb4 { [%clk 0:42:08] } 31. Qd3 { [%clk 0:11:49] } 31... Qb6 { [%clk 0:39:38] } 32. Qc3 { [%clk 0:10:41] } 32... g6 { [%clk 0:35:58] } 33. g3 { [%clk 0:10:05] } 33... Rc4 { [%clk 0:34:40] } 34. Qd2 { [%clk 0:07:14] } 34... Rb4 { [%clk 0:30:12] } 35. Qc3 { [%clk 0:07:37] } 35... Kg7 { [%clk 0:29:34] } 36. Qd3 { [%clk 0:05:12] } 36... Qa7 { [%clk 0:26:53] } 37. Qe2 { [%clk 0:03:40] } 37... Re8 { [%clk 0:25:28] } 38. Qd3 { [%clk 0:03:28] } 38... h5 { [%clk 0:23:44] } 39. h4 { [%clk 0:03:39] } 39... Qb6 { [%clk 0:18:30] } 40. Qc3 { [%clk 0:01:09] } 40... Rc4 { [%clk 0:17:01] } 41. Qd2 { [%clk 0:29:28] } 41... Qb4 { [%clk 0:43:24] } 42. Qd1 { [%clk 0:29:43] } 42... Rxc5 { [%clk 0:41:20] } 43. dxc5 { [%clk 0:29:14] } 43... Rb8 { [%clk 0:41:26] } 44. Qd4+ { [%clk 0:19:05] } 44... Qxd4 { [%clk 0:41:00] } 45. exd4 { [%clk 0:19:30] } 45... Rb4 { [%clk 0:41:26] } 46. Rd2 { [%clk 0:19:09] } 46... Nc4 { [%clk 0:36:42] } 47. Rd3 { [%clk 0:19:29] } 47... b2 { [%clk 0:36:52] } 48. Kf1 { [%clk 0:18:58] } 48... Rxa4 { [%clk 0:36:49] } 49. Ke2 { [%clk 0:19:07] } 49... Ra1 { [%clk 0:36:35] } 50. Rdd1 { [%clk 0:19:31] } 50... Ra2 { [%clk 0:33:53] } 51. Rd3 { [%clk 0:19:22] } 51... Ra1 { [%clk 0:34:20] } 52. Rdd1 { [%clk 0:19:45] } 52... Ra7 { [%clk 0:34:47] } 53. Kd3 { [%clk 0:12:02] } 53... Ra3+ { [%clk 0:31:29] } 54. Ke2 { [%clk 0:11:48] } 54... Rc3 { [%clk 0:31:00] } 55. Rf1 { [%clk 0:00:58] } 55... Kf6 { [%clk 0:30:55] } 56. f3 { [%clk 0:00:35] } 56... Rb3 { [%clk 0:29:51] } 57. g4 { [%clk 0:00:34] } 57... Na3 { [%clk 0:30:10] } 58. Rfd1 { [%clk 0:00:33] } 58... Nxb1 { [%clk 0:30:22] } 59. Rxb1 { [%clk 0:01:02] } 59... Ke6 { [%clk 0:29:33] } 60. Kf2 { [%clk 0:01:20] } 60... hxg4 { [%clk 0:29:39] } 61. fxg4 { [%clk 0:01:49] } 61... f5 { [%clk 0:30:08] } 62. gxf5+ { [%clk 0:01:27] } 62... gxf5 { [%clk 0:30:37] } 63. Ke2 { [%clk 0:00:53] } 63... f4 { [%clk 0:29:09] } 64. Kd2 { [%clk 0:01:19] } 64... Kf5 { [%clk 0:28:34] } 65. Kc2 { [%clk 0:01:45] } 65... Rb8 { [%clk 0:27:54] } 66. h5 { [%clk 0:02:09] } 66... Kg5 { [%clk 0:28:13] } 67. Rg1+ { [%clk 0:02:25] } 67... Kxh5 { [%clk 0:28:42] } 68. Kb1 { [%clk 0:02:36] } 68... f3 { [%clk 0:29:08] } 69. Rf1 { [%clk 0:02:48] } 69... Kg4 { [%clk 0:29:34] } 70. Rg1+ { [%clk 0:03:12] } 70... Kf4 { [%clk 0:30:00] } 71. Rg6 { [%clk 0:03:33] } 71... Rf8 { [%clk 0:30:26] } 0-1

[Event "Reykjavik Open 2025"]
[Site "Reykjavik, Iceland"]
[Date "2025.04.15"]
[Round "9.44"]
[White "Mensing, Adrian"]
[Black "Frayna, Janelle Mae"]
[Result "0-1"]
[WhiteElo "2078"]
[WhiteFideId "1043293"]
[BlackElo "2311"]
[BlackTitle "WGM"]
[BlackFideId "5212499"]
[TimeControl "90+30 +30 after 40 moves"]
[Variant "Standard"]
[StudyName "Round 9"]
1. Nf3 { [%clk 1:22:22] } 1... Nf6 { [%clk 1:25:27] } 2. d4 { [%clk 1:19:11] } 2... g6 { [%clk 1:25:28] } 3. Nc3 { [%clk 1:19:00] } 3... Bg7 { [%clk 1:25:37] } 4. h4 { [%clk 1:18:54] } 4... h6 { [%clk 1:24:10] } 5. Bf4 { [%clk 1:16:00] } 5... d6 { [%clk 1:22:49] } 6. e4 { [%clk 1:13:38] } 6... Bg4 { [%clk 1:20:11] } 7. Qd2 { [%clk 1:13:07] } 7... Nc6 { [%clk 1:18:05] } 8. d5 { [%clk 1:06:24] } 8... Nb8 { [%clk 1:17:22] } 9. e5 { [%clk 0:57:28] } 9... dxe5 { [%clk 1:12:38] } 10. Nxe5 { [%clk 0:56:20] } 10... Bf5 { [%clk 1:11:14] } 11. Bc4 { [%clk 0:53:21] } 11... Nbd7 { [%clk 1:10:21] } 12. Nxf7 { [%clk 0:37:04] } 12... Kxf7 { [%clk 1:10:46] } 13. d6+ { [%clk 0:37:56] } 13... Be6 { [%clk 0:59:46] } 14. dxc7 { [%clk 0:31:56] } 14... Qe8 { [%clk 0:57:16] } 15. Bxe6+ { [%clk 0:31:09] } 15... Kxe6 { [%clk 0:57:43] } 16. O-O-O { [%clk 0:31:25] } 16... Kf7 { [%clk 0:57:49] } 17. Rhe1 { [%clk 0:30:54] } 17... Nb6 { [%clk 0:51:54] } 18. Qe2 { [%clk 0:24:45] } 18... Kg8 { [%clk 0:48:11] } 19. a4 { [%clk 0:19:38] } 19... Kh7 { [%clk 0:47:37] } 20. a5 { [%clk 0:19:19] } 20... Na4 { [%clk 0:47:26] } 21. Nb5 { [%clk 0:15:04] } 21... Qc6 { [%clk 0:45:08] } 22. Nd4 { [%clk 0:13:09] } 22... Qd5 { [%clk 0:44:26] } 23. Qe6 { [%clk 0:10:23] } 23... Qxa5 { [%clk 0:43:16] } 24. h5 { [%clk 0:02:41] } 24... Nxh5 { [%clk 0:40:11] } 25. Be5 { [%clk 0:03:05] } 25... Nc5 { [%clk 0:31:47] } 26. Qxe7 { [%clk 0:01:17] } 26... Rhe8 { [%clk 0:31:12] } 27. Qf7 { [%clk 0:00:37] } 27... Rf8 { [%clk 0:26:50] } 28. Qc4 { [%clk 0:00:47] } 28... Bxe5 { [%clk 0:25:33] } 29. Rxe5 { [%clk 0:01:03] } 29... Nb3+ { [%clk 0:25:55] } 30. Qxb3 { [%clk 0:00:40] } 30... Qxe5 { [%clk 0:26:22] } 31. Qxb7 { [%clk 0:00:54] } 31... Rac8 { [%clk 0:25:12] } 32. Nc6 { [%clk 0:00:34] } 32... Rxc7 { [%clk 0:24:19] } 0-1

[Event "Reykjavik Open 2025"]
[Site "Reykjavik"]
[Date "2025.04.15"]
[Round "9.45"]
[White "Bjornsson, Sigurbjorn"]
[Black "Tessiore, Luca G"]
[Result "1/2-1/2"]
[WhiteElo "2303"]
[WhiteTitle "FM"]
[WhiteFideId "2300974"]
[BlackElo "2087"]
[BlackFideId "30974976"]
[Variant "Standard"]
[StudyName "ROpen 2025 - Rd9 - Boards 45-108"]
1. e4 e5 2. Nf3 Nc6 3. d4 exd4 4. Nxd4 Nf6 5. Nxc6 bxc6 6. Bd3 d5 7. exd5 cxd5 8. O-O Be7 9. Bg5 O-O 10. Nc3 c6 11. Qf3 Rb8 12. b3 Bd6 13. h3 Be5 14. Bf4 Qd6 15. Bxe5 Qxe5 16. Rfe1 Qd6 17. Na4 Be6 18. Qe3 a5 19. Rad1 Rfe8 20. Qa7 Ra8 21. Qd4 Nd7 22. c4 Qb4 23. Re3 g6 24. Rde1 c5 25. Qf4 d4 26. R3e2 Qb8 27. Qh6 Qd6 28. h4 Nf8 29. Qg5 Rac8 30. h5 Bd7 31. Nb2 Rxe2 32. Rxe2 Re8 33. Rxe8 Bxe8 34. Be4 Ne6 35. Qf6 Bc6 36. Bxc6 Qxc6 37. Qe5 Qc7 38. Qxc7 Nxc7 39. Nd3 Ne6 40. hxg6 hxg6 41. Ne5 Nd8 42. g4 Kg7 43. g5 Ne6 44. Nc6 Nxg5 45. Nxa5 Ne6 46. Kf1 Kf6 47. Nc6 Kf5 48. a4 Ke4 49. Ke2 Nc7 50. a5 Na6 51. f3+ Kf4 52. Nd8 f6 53. Ne6+ Ke5 54. Nf8 g5 55. Nd7+ Ke6 56. Nb6 Nb4 57. Na4 Kd6 58. Nb2 f5 59. Nd1 Ke6 60. Nf2 Ke5 61. Kd2 Na6 62. Nd3+ Kd6 63. Nf2 Ke6 64. Nd3 g4 65. Ke2 Kf6 66. Kf2 Kg6 67. Kg3 Kg5 68. fxg4 fxg4 69. Nf2 Kf5 70. Nxg4 Ke4 71. Nf6+ Kd3 72. Kf4 Kc2 73. Ne4 Kxb3 74. Nd6 Kc3 75. Ke4 Nb4 76. Kf3 Na6 77. Ke4 Kb4 78. Kd3 Kxa5 79. Nf5 Nb4+ 80. Ke4 Nc6 81. Kd5 Kb4 82. Kxc6 Kxc4 83. Nd6+ Kb4 84. Kd5 d3 85. Nc4 1/2-1/2

[Event "Reykjavik Open 2025"]
[Site "Reykjavik"]
[Date "2025.04.15"]
[Round "9.46"]
[White "Weersing, Abigail Riis"]
[Black "Le Goff, Ronan"]
[Result "0-1"]
[WhiteElo "2069"]
[WhiteTitle "WFM"]
[WhiteFideId "460036"]
[BlackElo "2282"]
[BlackTitle "FM"]
[BlackFideId "612073"]
[Variant "Standard"]
[StudyName "ROpen 2025 - Rd9 - Boards 45-108"]
1. d4 d5 2. c4 e6 3. Nc3 Nf6 4. Bg5 Be7 5. Nf3 O-O 6. e3 Nbd7 7. Qc2 h6 8. Bh4 c5 9. cxd5 Nxd5 10. Bxe7 Nxe7 11. Be2 b6 12. O-O Bb7 13. dxc5 Nxc5 14. Rfd1 Qc8 15. Rac1 Rd8 16. Rxd8+ Qxd8 17. b4 Nd7 18. Rd1 Qc8 19. Qb3 Nf6 20. Nb5 Bd5 21. Qb2 Qb7 22. Ne5 Nf5 23. Bf3 Bxf3 24. gxf3 a6 25. e4 axb5 26. exf5 exf5 27. Qc2 Re8 28. Qxf5 Qe7 29. Nd7 Nh7 30. Nxb6 Qxb4 31. Nd5 Qc4 32. Qd7 Rf8 33. Ne3 Qe2 34. f4 Nf6 35. Qd3 Qh5 36. Qf5 Qf3 37. Rf1 Re8 38. Qxb5 Qxf4 39. Qf5 Qb8 40. Rc1 Qa8 41. Qc2 Qa5 42. Kh1 Ne4 43. a4 Qh5 44. Nf1 Qf3+ 45. Kg1 Ng5 46. Ne3 Nh3+ 47. Kf1 Rxe3 0-1

[Event "Reykjavik Open 2025"]
[Site "Reykjavik"]
[Date "2025.04.15"]
[Round "9.47"]
[White "Schwarz, David"]
[Black "Schouten, Mathias Lind"]
[Result "0-1"]
[WhiteElo "2028"]
[WhiteFideId "16287614"]
[BlackElo "2279"]
[BlackFideId "1532790"]
[Variant "Standard"]
[StudyName "ROpen 2025 - Rd9 - Boards 45-108"]
1. d4 d5 2. Nf3 Nf6 3. c3 c5 4. Bf4 Nc6 5. e3 Qb6 6. Na3 Nh5 7. dxc5 Qxc5 8. Be5 f6 9. Nb5 Nxe5 10. Nxe5 g6 11. b4 Qb6 12. Qa4 fxe5 13. Nc7+ Kd8 14. Nxd5 Qc6 15. Bb5 Qxd5 16. Rd1 e6 17. O-O Kc7 18. Rxd5 exd5 19. Be2 Nf6 20. c4 Bd7 21. Qb3 Re8 22. cxd5 Kb8 23. b5 Bd6 24. Rd1 Rc8 25. Qb1 Rc5 26. e4 Rhc8 27. h3 Rc2 28. Bd3 R2c3 29. Qb2 Nh5 30. Bb1 Nf4 31. Kh2 h5 32. Re1 Ba3 33. Qa1 Bd6 34. Qb2 g5 35. Re3 Rc1 36. a4 h4 37. Rf3 Rd1 38. g3 Rcc1 39. Rxf4 gxf4 40. gxf4 Rxb1 41. Qe2 Rh1+ 42. Kg2 Rbg1+ 43. Kf3 Rxh3# 0-1

[Event "Reykjavik Open 2025"]
[Site "Reykjavik"]
[Date "2025.04.15"]
[Round "9.48"]
[White "Colas, Joshua"]
[Black "Allard, Thomas"]
[Result "1-0"]
[WhiteElo "2275"]
[WhiteFideId "2044447"]
[BlackElo "2053"]
[BlackFideId "676160"]
[Variant "Standard"]
[StudyName "ROpen 2025 - Rd9 - Boards 45-108"]
1. d4 Nf6 2. Nf3 d5 3. c4 e6 4. g3 dxc4 5. Bg2 c5 6. O-O Nc6 7. Qa4 Bd7 8. Qxc4 b5 9. Qd3 c4 10. Qc2 Rc8 11. Nc3 Be7 12. a3 Qb6 13. Rd1 b4 14. axb4 Nxb4 15. Qb1 { [%csl Gc6] } 15... Bc6 16. Be3 Nfd5 17. Nxd5 Bxd5 18. Bd2 Qb7 19. Ne1 Bxg2 20. Nxg2 O-O 21. Bc3 Rfd8 22. Ne3 Rd7 23. Ra4 Nd5 24. Nxd5 exd5 25. Qf5 g6 26. Qg4 h5 27. Qf4 Bd6 28. Qf3 Bc7 29. h3 h4 30. g4 Qc6 31. Rda1 Qd6 32. Rxa7 f5 33. R1a6 Qh2+ 34. Kf1 Rg7 35. Qxd5+ Kh7 36. Qg2 Qf4 37. e3 Qg5 38. d5 fxg4 39. Bxg7 g3 40. Qe4 Qh5 41. Be5 gxf2 { [%csl Gf7] } 42. Qg4 Qxe5 43. Qxg6+ 1-0

[Event "Reykjavik Open 2025"]
[Site "Reykjavik"]
[Date "2025.04.15"]
[Round "9.49"]
[White "Nissinen, Niilo Man"]
[Black "Belz, Frank-Martin"]
[Result "1-0"]
[WhiteElo "2268"]
[WhiteTitle "CM"]
[WhiteFideId "30950767"]
[BlackElo "2027"]
[BlackFideId "12941026"]
[Variant "Standard"]
[StudyName "ROpen 2025 - Rd9 - Boards 45-108"]
1. e4 c6 2. d4 d5 3. e5 c5 4. dxc5 Nc6 5. Nf3 Bg4 6. c3 Bxf3 7. Qxf3 e6 8. Be3 Nxe5 9. Bb5+ Nc6 10. O-O a6 11. Ba4 Nf6 12. c4 Be7 13. Nc3 O-O 14. cxd5 Nxd5 15. Rad1 Qa5 16. Nxd5 exd5 17. Bb3 d4 18. Bxd4 Nxd4 19. Rxd4 Qxc5 20. Rd7 b5 21. Bxf7+ Kh8 22. Qe4 Bd6 23. g3 Qe5 24. Qh4 Qf5 25. Rxd6 Qxf7 26. a3 a5 27. Qd4 Rac8 28. Rd7 Qf6 29. Qxf6 Rxf6 30. Rb7 Rf5 31. Re1 h6 32. Re2 Rc1+ 33. Kg2 Rb1 34. Rd2 h5 35. f4 Rc5 36. Kh3 Rh1 37. Re2 Rd5 38. Re5 Rd2 39. Rxh5+ Kg8 40. Rhxb5 Rhxh2+ 41. Kg4 a4 42. Rg5 Rh7 43. Rh5 Rxh5 44. Kxh5 Rd5+ 45. Kg6 Rd6+ 46. Kg5 Rd5+ 47. f5 Rc5 48. Rb4 Rc2 49. f6 gxf6+ 50. Kxf6 Rc6+ 51. Kg5 Rc5+ 52. Kf4 Rc2 53. Rb7 Rc4+ 54. Kg5 Rc5+ 55. Kh4 Rc4+ 56. g4 Rd4 57. Kh5 Kf8 58. g5 Rd2 59. Kh6 Rc2 60. Rb8+ Kf7 61. g6+ Kf6 62. Rb6+ Kf5 63. Kh7 Rh2+ 64. Kg8 Rc2 65. g7 Ke5 66. Rh6 Rxb2 67. Kh8 1-0

[Event "Reykjavik Open 2025"]
[Site "Reykjavik"]
[Date "2025.04.15"]
[Round "9.50"]
[White "Johannsson, Markus Orri"]
[Black "Wan, Joseph"]
[Result "0-1"]
[WhiteElo "1969"]
[WhiteFideId "2318539"]
[BlackElo "2242"]
[BlackFideId "2069890"]
[Variant "Standard"]
[StudyName "ROpen 2025 - Rd9 - Boards 45-108"]
1. e4 e5 2. Nf3 Nc6 3. Bc4 Nf6 4. Ng5 d5 5. exd5 Na5 6. d3 h6 7. Nf3 e4 8. Nd4 Bc5 9. c3 O-O 10. O-O Bg4 11. Qa4 Nxc4 12. Qxc4 Bxd4 13. Qxd4 Be2 14. Re1 Bxd3 15. c4 Qd6 16. b3 c5 17. Qc3 Ng4 18. g3 Ne5 19. Nd2 Rfe8 20. Kg2 Qg6 21. Bb2 f6 22. Nf1 Nf3 23. Re3 Qf5 24. h3 Nd4 25. g4 Qg6 26. Rd1 h5 27. Nh2 Nc2 28. Rg3 h4 29. Rgxd3 exd3 30. Nf3 Qe4 31. Bc1 b6 32. g5 fxg5 33. Bxg5 Rf8 34. Rxd3 Rxf3 0-1

[Event "Reykjavik Open 2025"]
[Site "Reykjavik"]
[Date "2025.04.15"]
[Round "9.51"]
[White "Vogt, Lothar"]
[Black "Woods, Yannick"]
[Result "1/2-1/2"]
[WhiteElo "2229"]
[WhiteFideId "4611292"]
[BlackElo "1979"]
[BlackFideId "2518384"]
[Variant "Standard"]
[StudyName "ROpen 2025 - Rd9 - Boards 45-108"]
1. Nf3 d5 2. g3 Nf6 3. Bg2 e6 4. O-O Bd6 5. d3 e5 6. Nbd2 O-O 7. e4 c6 8. Re1 Qc7 9. b3 Bg4 10. h3 Bh5 11. Bb2 Nbd7 12. g4 Bg6 13. Nh4 1/2-1/2

[Event "Reykjavik Open 2025"]
[Site "Reykjavik"]
[Date "2025.04.15"]
[Round "9.52"]
[White "Dauth, Benjamin"]
[Black "Boleslav, Petr"]
[Result "1-0"]
[WhiteElo "2228"]
[WhiteFideId "4688104"]
[BlackElo "1970"]
[BlackFideId "320005"]
[Variant "Standard"]
[StudyName "ROpen 2025 - Rd9 - Boards 45-108"]
1. e4 e5 2. Nf3 Nc6 3. Bc4 Bc5 4. O-O Nf6 5. d3 h6 6. c3 d6 7. b4 Bb6 8. a4 a5 9. Qb3 O-O 10. Be3 Ba7 11. Nbd2 Qe7 12. b5 Nb8 13. Bxa7 Rxa7 14. b6 cxb6 15. Qxb6 Ra8 16. Rfb1 Nbd7 17. Qe3 Nc5 18. Nh4 Ng4 19. Qg3 Kh7 20. d4 g5 21. Nf5 Bxf5 22. exf5 exd4 23. Qxg4 dxc3 24. Nb3 Rac8 25. Nxc5 Rxc5 26. Bd3 Qf6 27. Rxb7 Rd5 28. Qe2 Kg7 29. Rd1 Rc8 30. Bc2 Rcc5 31. g3 Rxd1+ 32. Qxd1 d5 33. Rd7 Qe5 34. Qh5 Qf6 35. Qg4 1-0

[Event "Reykjavik Open 2025"]
[Site "Reykjavik"]
[Date "2025.04.15"]
[Round "9.53"]
[White "Briem, Gudrun Fanney"]
[Black "Khaledi, Omid"]
[Result "0-1"]
[WhiteElo "1863"]
[WhiteFideId "2317486"]
[BlackElo "2228"]
[BlackFideId "22514635"]
[Variant "Standard"]
[StudyName "ROpen 2025 - Rd9 - Boards 45-108"]
1. e4 c5 2. Nf3 d6 3. d4 cxd4 4. Nxd4 Nf6 5. Nc3 a6 6. a3 e6 7. Be3 Qc7 8. f4 b5 9. Qf3 Bb7 10. Bd3 Nbd7 11. O-O-O Nc5 12. g4 d5 13. e5 Nfe4 14. Bxe4 dxe4 15. Qg3 Nd7 16. Nb1 Rc8 17. Rd2 Nb6 18. b3 Nd5 19. Ne2 Nxe3 20. Qxe3 Bc5 21. Qc3 e3 22. Rdd1 Bxh1 23. Rxh1 Bxa3+ 24. Nxa3 Qxc3 25. Nxc3 Rxc3 26. Kb2 Rc6 27. Re1 Ke7 28. Rxe3 Rd8 29. Rd3 Rxd3 30. cxd3 Rc8 31. Nb1 Rd8 32. Kc3 a5 33. Nd2 Rc8+ 34. Kb2 Kd7 35. Ne4 Kc6 36. Nd6 Rf8 37. d4 Rd8 38. Kc3 Rxd6 39. exd6 Kxd6 40. h4 Kd5 41. Kd3 a4 42. f5 exf5 43. gxf5 axb3 44. Kc3 b2 45. Kxb2 Kxd4 46. h5 Ke5 47. h6 gxh6 48. Kc3 h5 49. f6 h4 50. Kd3 h3 51. Ke3 h2 52. Kf2 h1=Q 53. Kg3 0-1

[Event "Reykjavik Open 2025"]
[Site "Reykjavik"]
[Date "2025.04.15"]
[Round "9.54"]
[White "Gajcin, Marina"]
[Black "Duault, Alexis"]
[Result "1-0"]
[WhiteElo "2217"]
[WhiteTitle "WGM"]
[WhiteFideId "949086"]
[BlackElo "1833"]
[BlackFideId "36026913"]
[Variant "Standard"]
[StudyName "ROpen 2025 - Rd9 - Boards 45-108"]
1. e4 e6 2. d4 d5 3. Nc3 Nf6 4. e5 Nfd7 5. f4 c5 6. Nf3 Nc6 7. Be3 a6 8. Qd2 b5 9. a3 Qa5 10. dxc5 Bxc5 11. Nd4 Bxd4 12. Bxd4 Nxd4 13. Qxd4 Qb6 14. Qxb6 Nxb6 15. Ne2 Bb7 16. Nd4 Rc8 17. b3 O-O 18. Be2 Nd7 19. O-O g6 20. g4 Rfe8 21. h4 Nc5 22. Kh2 Ne4 23. h5 Kf8 24. h6 Ke7 25. f5 Ng5 26. a4 b4 27. a5 Rc3 28. Ra4 exf5 29. Rxb4 Bc8 30. gxf5 Rh3+ 31. Kg2 Rxh6 32. Bg4 Kf8 33. e6 Kg8 34. Rb8 fxe6 35. fxe6 Rh4 36. Kg3 Rxg4+ 37. Kxg4 Nxe6 38. Rxc8 h5+ 39. Kh4 Rxc8 40. Nxe6 Rxc2 41. Kg5 Re2 42. Rf8+ Kh7 43. Rf7+ Kg8 44. Rg7+ Kh8 45. Re7 Kg8 46. Kh6 Rxe6 47. Rxe6 Kf7 48. Rxa6 h4 49. Rd6 h3 50. Rxd5 1-0

[Event "Reykjavik Open 2025"]
[Site "Reykjavik"]
[Date "2025.04.15"]
[Round "9.55"]
[White "Boer, Alef"]
[Black "Adhiban, B."]
[Result "0-1"]
[WhiteElo "2044"]
[WhiteFideId "1007122"]
[BlackElo "2554"]
[BlackFideId "5018471"]
[Variant "Standard"]
[StudyName "ROpen 2025 - Rd9 - Boards 45-108"]
1. e4 c5 2. Nf3 d6 3. d4 cxd4 4. Nxd4 Nf6 5. Nc3 Nc6 6. Bg5 e6 7. Qd2 a6 8. O-O-O Bd7 9. f4 Be7 10. Nf3 b5 11. Bxf6 gxf6 12. Kb1 Qb6 13. Nd4 Qxd4 14. Qxd4 Nxd4 15. Rxd4 Rg8 16. Rd3 Bc6 17. a3 Rg4 18. Rh3 Rxf4 19. Rxh7 Kf8 20. Bd3 Kg8 21. Rh3 Rg4 22. Rg3 Rxg3 23. hxg3 Bd8 24. Be2 Ba5 25. b4 Bb6 26. Rd1 Rd8 27. Bf3 Kf8 28. g4 Ke7 29. Kb2 Rg8 30. Kb3 Rg5 31. Ne2 Re5 32. Nc3 Bf2 33. Kb2 Bg3 34. Kb3 Rg5 35. a4 bxa4+ 36. Nxa4 a5 37. c3 Rb5 38. Ka3 Be5 39. Kb3 Rb8 40. Rd2 Bxa4+ 41. Kxa4 Bxc3 42. Rc2 axb4 43. Kb3 Rd8 44. Kc4 Ra8 45. Rc1 Ra5 46. Rd1 Kd7 47. Rh1 Rc5+ 48. Kb3 d5 49. exd5 exd5 50. Rh7 Ke6 51. Rh8 Ra5 52. Re8+ Kd6 53. Rd8+ Ke5 54. Re8+ Kd4 55. Rb8 Kd3 0-1